Movie Titles Abroad (1970s) Quiz Stats

 Plays Quiz Updated Aug 1, 2017

Support Sporcle.
Go Orange.
Score 0/16 Timer 04:00
4 Plays Today
% Correct
Jaws
94.1%
The Texas Chain Saw Massacre
83.5%
Grease
78.8%
The Rocky Horror Picture Show
77.4%
The Longest Yard
74.9%
The Sting
64.3%
Network
61.4%
Smokey and the Bandit
60.3%
% Correct
The King of Marvin Gardens
60%
Annie Hall
56.8%
American Graffiti
46.1%
The French Connection
45.3%
Deliverance
37.6%
Sleeper
33%
The Deer Hunter
30.8%
Five Easy Pieces
26.1%

You're not logged in!

Compare scores with friends on all Sporcle quizzes.
OR
Log In
Forgot?

From the Vault

Agatha Christie Novels

by Ben

Agatha Christie's novels have been adapted for the small screen, the big screen, the stage, and now, Sporcle.
Remove Ads.
Support Sporcle.
Get the best of Sporcle when you Go Orange. This ad-free experience offers more features, more stats, and more fun while also helping to support Sporcle. Thank you for becoming a member.

Show Comments

Extras

Top Quizzes Today


Score Distribution

Your Account Isn't Verified!

In order to create a playlist on Sporcle, you need to verify the email address you used during registration. Go to your Sporcle Settings to finish the process.

Report this User

Report this user for behavior that violates our Community Guidelines.

Details: